Normal view
MARC view
Entry Personal Name
001 - CONTROL NUMBER
- control field: 54935
003 - CONTROL NUMBER IDENTIFIER
- control field: OSt
005 - DATE AND TIME OF LATEST TRANSACTION
- control field: 20250709121235.0
008 - FIXED-LENGTH DATA ELEMENTS
- fixed length control field: 250709|| aca||aabn | a|a d
040 ## - CATALOGING SOURCE
- Original cataloging agency: OSt
- Transcribing agency: OSt
100 ## - HEADING--PERSONAL NAME
- Personal name: Jha, Devasmita et al
670 ## - SOURCE DATA FOUND
- Source citation: Work cat.: (OSt): Jha, Devasmita et al, A critical evaluation of the Indian ride-hailing ecosystem and its impact on decent work standards
